| 000 | 00834nam a2200205 a 4500 | ||
|---|---|---|---|
| 001 | 000215678 | ||
| 003 | AM-YEHGA | ||
| 005 | 20250617164223.0 | ||
| 008 | 030331s1962 ai r 000 0 rus d | ||
| 040 | _aAM-YeHGA | ||
| 245 | 0 | 0 |
_aКомандирская мудрость : _b(Заметки военного публициста) / _cРед. В.Г. Кононенко ; Худ. В.Г. Лукьянец. |
| 260 |
_aМосква : _bИзд-во газ. ''Красная звезда'', _c1962. |
||
| 300 | _a32 с. | ||
| 490 | 1 |
_aБиблиотечка "Красной звезды" _vN16 (100) |
|
| 650 | 1 | 4 | _aВоенное дело |
| 700 | 1 |
_aКононенко, В.Г. _eред. _4edt |
|
| 700 | 1 |
_aЛукьянец, В.Г. _eхуд. _4art |
|
| 830 | 0 | _aБиблиотечка "Красной звезды" | |
| 090 | _c523443 | ||
| 999 |
_c519880 _d519880 |
||